000 00776nam a22002537a 4500
999 _c4287
_d4287
003 AR-CdUCM
008 190308b ||||| |||| 00| 0 spa d
020 _a968-16-1901-3
040 _aMUNICIPALIDAD PROVINCIAL DEL CUSCO
_cBIBLIOTECA MUNICIPAL DEL CUSCO
082 _a869.1 /
_bG93
100 _aWayne Gunn, Drewey
_913553
245 _aEscritores Norteamericanos y Británicos en Mexico /
260 _aMexico :
_bFondo de Cultura Economico,
_c1977.
300 _a207 paginas ;
_c21cm.
440 _aLecturas Mexicanas
_n87
_913554
500 _aEscritos
650 _aNorteamerica
_95078
650 _aEscritores
_92284
650 _aLiteratura
_983
650 _aAutores
_9730
700 _aDe Champourcin, Ernestina
_913555
942 _2ddc
_cLIBROS
945 _apjha